000 00414nam a2200169Ia 4500
003 GCL
008 140319s9999 xx 000 0 eng d
040 _aGCL /
_cGCL
082 0 4 _a860
_bG S
100 1 _aGONGORA, LUIS
245 1 0 _aSOLEDADES /
_cGONGORA, LUIS
260 _a[S.N] :
_bA LIANZA EDITORIAL ،
_c1982
300 _a188 P
650 0 4 _aLITERATURE
650 0 4 _aSPANISH LITERATURE
942 _2ddc
_cBK
999 _c23611
_d23611